Quiz club de football français - Statistiques

Statistiques générales
  • Ce quiz a été pris 518 fois
    467 depuis la dernière actualisation
  • Le résultat moyen est 14 sur 16
Statistiques - réponses
Par images Réponse % Correct
Nantes
96%
Paris
96%
Saint Etienne
95%
Ajaccio
94%
Toulouse
94%
Nice
92%
Lorient
90%
Bordeaux
89%
Bastia
88%
Le Havre
85%
Caen
81%
Guingamp
80%
Valenciennes
76%
Dijon
75%
Amiens
73%
Orléans
57%
Aucun quiz correspondant
Distribution des résultats
% des personnes avec chaque résultat
Percentile par nombre de réponses
Votre historique - résultats
Vous n’avez pas pris ce quiz depuis la dernière actualisation